Statistics for Idris Elba Filmography

Click here to take the quiz!

General Stats

  • This quiz has been taken 118 times
    (12 since last reset)
  • The average score is 24 of 155

Answer Stats

TypeYearName% Correct
Film2018Avengers: Infinity War
100%
Film2011Thor
100%
Film2017Thor: Ragnarok
100%
Film2013Thor: The Dark World
100%
Film2015Avengers: Age of Ultron
82%
TV Show2010-2019Luther
82%
Film2016Zootopia
82%
Web Series2022Zootopia+
82%
Film2022Thor: Love and Thunder
73%
Film2022Beast
64%
Film2019Hobbs & Shaw
64%
Film2023Luther: The Fallen Sun
64%
Film2013Pacific Rim
55%
TV Show2019Saturday Night Live
55%
TV Show2002-2004The Wire
55%
Film2022Sonic the Hedgehog 2
45%
Film2016The Jungle Book
45%
Film2021The Suicide Squad
45%
Film2007American Gangster
36%
Film2019Cats
36%
Web Mini-Series2024Knuckles
36%
Film2013Mandela: Long Walk to Freedom
36%
Film2012Prometheus
36%
Film2024Sonic the Hedgehog 3
36%
Film2017The Mountain Between Us
36%
TV Show2009The Office
36%
Film2022Three Thousand Years of Longing
36%
Film2016Bastille Day
27%
Film2023Extraction II
27%
Film2016Finding Dory
27%
Web Series2023Hijack
27%
Film2017Molly's Game
27%
Film2009Obsessed
27%
Film2017The Dark Tower
27%
Web Series2019Turn Up Charlie
27%
Film200728 Weeks Later
18%
TV Show19942point4 Children
18%
Film2015Beasts of No Nation
18%
Music Video2019Boasty
18%
Video Game2023Cyberpunk 2077 - Phantom Liberty
18%
Music Video2016Dance Off
18%
Film2011Ghost Rider: Spirit of Vengeance
18%
FilmTBAHeads of State
18%
Film2008RocknRolla
18%
Film2015The Gunman
18%
Film2021The Harder They Fall
18%
Film2010The Losers
18%
Director2018Yardie
18%
Music Video2001All I Need
9%
TV Show2011Aqua Teen Hunger Force
9%
Film1999Belle maman
9%
Film2001Buffalo Soldiers
9%
Video Game2011Call of Duty: Modern Warfare 3
9%
Film2020Concrete Cowboy
9%
TV Show2003CSI: Miami
9%
TV Show1999Dangerfield
9%
TV Show1997Family Affairs
9%
Video Game2014FIFA 15
9%
FilmTBAFixed
9%
TV Mini-Series2017Guerrilla
9%
TV Show2002Hack
9%
Music Video2012Hustle On
9%
Music Video2000I Wanna Thank Ya
9%
TV Show2001Law & Order
9%
Film2010Legacy
9%
Video Game2019NBA 2K20
9%
Film2014No Good Deed
9%
Film2003One Love
9%
TV Show1997Silent Witness
9%
Commercial2015Sky
9%
TV Film2005Sometimes in April
9%
Film2000Sorted
9%
TV Show1994Space Precinct
9%
Film2016Star Trek Beyond
9%
TV Show1994, 1995The Bill
9%
Short Film2022The Boy, the Mole, the Fox and the Horse
9%
Film2007The Reaping
9%
Film2009The Unborn
9%
Film2007This Christmas
9%
Video Game2016Tom Clancy's Rainbow Six Siege
9%
TV Film2000Ultraviolet
9%
TV Mini-Series1998Ultraviolet
9%
TV Show1998Verdict
9%
Music Video2019Vossi Bop
9%
Film2016100 Streets
0%
DirectorTBAAbove the Below
0%
TV Show1995Absolutely Fabulous
0%
Documentary Series2008Afropop: The Ultimate Cultural Exchange
0%
TV Film2006All in the Game
0%
Short Film2014An Epic Journey to Coming to America
0%
Documentary Series2020A World of Calm
0%
Theater1993Battieman Blues
0%
Short Film1997Behind the Mask
0%
Music Video2007Blow Your Mind
0%
Commercial2022Booking.com
0%
TV Show1995Bramwell
0%
Short TV Documentary2021Canelo: The Greatest Athlete You've Never Seen
0%
TV Show2012Carte Blanche
0%
Documentary Mini-Series2020Coronavirus, Explained
0%
Podcast2021Coupledom with Idris and Sabrina Elba
0%
TV Mini-Series1996Crocodile Shoes II
0%
TV Mini-Series1996Crucial Tales
0%
Director2014Damn
0%
TV Show2021Dancing on Ice
0%
TV Show1995Degrees of Error
0%
Film2011Demons Never Die
0%
Documentary2014Enchanted Kingdom
0%
Award Show2017FIFA – The Best Awards 2017
0%
Award Show2018FIFA - The Best Awards 2018
0%
Short Film2016Finding Dory: Marine Life Interviews
0%
TV Show2017Five by Five
0%
TV Show2005Girlfriends
0%
TV Documentary2011How Hip Hop Changed the World
0%
Documentary Series2022Human Playground
0%
TV Show2017Idris Elba: Fighter
0%
TV Short2017Idris Elba Gets Dating Advice from Kids
0%
Documentary Series2013Idris Elba: King of Speed
0%
Documentary Mini-Series2015-2017Idris Elba: No Limits
0%
Documentary Mini-Series2022Idris Elba's Fight School
0%
TV Documentary2012Idris Elba's How Clubbing Changed the World
0%
TV Show2000In Defence
0%
FilmTBAInfernus
0%
TV Show1997Insiders
0%
TV Show2017-2020In the Long Run
0%
Short Documentary2014Irons in the Fire
0%
TV Show2005Jonny Zero
0%
Music Video2006Just Came Here to Chill
0%
TV Show2001London's Burning
0%
Music Video2012Lover of the Light
0%
TV Show2015Playhouse Presents
0%
Film2008Prom Night
0%
TV Show2003Queens Supreme
0%
TV Show2003Rap City
0%
TV Documentary2011Real Strength
0%
Music Video2009Respect My Conglomerate
0%
TV Show1996Ruth Rendell Mysteries
0%
Film2014Second Coming
0%
TV Show2003Soul Food
0%
Commercial2019Stella Artois
0%
TV Show2020Strictly Come Dancing
0%
Film2010Takers
0%
TV Show2010The Big C
0%
Film2005The Gospel
0%
TV Show1996The Governor
0%
Film2008The Human Contract
0%
TV Show2017The Idris Takeover
0%
TV Show2002The Inspector Lynley Mysteries
0%
TV Show2008The No. 1 Ladies' Detective Agency
0%
Theater2005This Is How It Goes
0%
Commercial2013Toyota Avalon
0%
Theater2001Troilus and Cressida
0%
Film2007Tyler Perry's Daddy's Little Girls
0%
Music Video2022Vroom
0%
TV Show2010Walk Like a Panther
0%
TV Film2005World of Trouble
0%

Score Distribution

Percentile by Number Answered

Percent of People with Each Score

Your Score History

You have not taken this quiz since the last reset